000 00275nam a2200109Ia 4500
008 220204s9999 xx 000 0 und d
082 _a065.016
_bPER
245 0 _aPerformance appraisal
260 _aUSA
_bHarvard College
_c1955
650 _aPerformance appraisal
942 _cBK
999 _c37231
_d37231